Prime Ministers of Türkiye by Picture - Statistics

General Stats
  • This quiz has been taken 66 times
  • The average score is 14 of 27
Answer Stats
Picture Hint Answer % Correct
1923-1924, 1925-1937, 1961-1965 İsmet İnönü
96%
2003-2014 Recep Tayyip Erdoğan
96%
1965-1971, 1975-1977, 1977-1978, 1979-1980, 1991-1993 Süleyman Demirel
89%
2002-2003 Abdullah Gül
87%
2016-2018 Binali Yıldırım
87%
1950-1960 Adnan Menderes
85%
1993-1996 Tansu Çiller
85%
2014-2016 Ahmet Davutoğlu
83%
1974, 1977, 1978-1979, 1999-2002 Bülent Ecevit
83%
1983-1989 Turgut Özal
83%
1996-1997 Necmettin Erbakan
79%
1937-1939 Celal Bayar
74%
1991, 1996, 1997-1999 Mesut Yılmaz
72%
1960-1961 (Military Junta) Cemal Gürsel
55%
1942-1946 Şükrü Saraçoğlu
40%
1946-1947 Recep Peker
30%
1924-1925 Fethi Okyar
28%
1971-1972 Nihat Erim
23%
1939-1942 Refik Saydam
21%
1989-1991 Yıldırım Akbulut
19%
1980-1983 (Military Junta) Bülent Ulusu
17%
1949-1950 Şemsettin Günaltay
17%
1947-1949 Hasan Saka
15%
1972-1973 Ferit Melen
13%
1973-1974 Naim Talu
13%
1974-1975 Sadi Irmak
13%
1965-1965 Suat Hayri Ürgüplü
13%
No matching quizzes found
Score Distribution
Percent of People with Each Score
Percentile by Number Answered
Your Score History
You have not taken this quiz